Tarnów und Dąmbrowa. Zone 5 Col. XXIV /

Korporativní autor: Rakousko-Uhersko. Militärgeographisches Institut
Další autoři: Heller, Spitzer, M., Ansion, Terlikowski, A.
Jazyk: Němčina
Polština
Vydáno: [Wien] : [K.u.k. Militärgeographisches Institut], 1909
Edice: Třetí vojenské mapování 1:75 000 ; 3966, 1909
Spezialkarte der österreich-ungarischen Monarchie 1:75 000 ; 3966, 1909
Spezialkarte von Galizien 1:75 000 ; 50, 1909
Témata:
Externí odkaz: Digitalizovaný dokument
Fyzický popis: 1 mapa : černobílý tisk ; ručně kolorovaná ; 37 x 48 cm, na listu 45 x 51 cm
Mapy
Uloženo v:
LEADER 03012nem a2200649 i 4500
001 001504815
003 CZ BrMZK
005 20250919114940.0
007 aj|aanzn
008 160113s1909 au a 0| ger d
034 1 |a a  |b 75000  |d E0205000  |e E0212000  |f N0501500  |g N0500000 
040 |a BOA001  |b cze  |e rda 
041 0 |a ger  |a pol 
043 |a e-pl--- 
072 7 |a 623  |x Vojenská technika  |2 Konspekt  |9 19 
072 7 |a 912  |x Mapy. Atlasy. Glóby  |2 Konspekt  |9 7 
080 |a 623.64  |2 MRF 
080 |a 913(438)  |2 MRF 
080 |a (084.3)528.42  |2 MRF 
080 |a (084.3)355/359  |2 MRF 
110 1 |a Rakousko-Uhersko.  |b Militärgeographisches Institut  |7 kn20060405003  |4 ctg  |4 pbl 
245 1 0 |a Tarnów und Dąmbrowa.  |p Zone 5 Col. XXIV /  |c [K.u.k. Militärgeographisches Institut] ; Geripp: Feuerwkr. Heller u. Offcl. Spitzer ; Terrain: Oberlt. Ansion u. Offcl. Terlikowski 
246 3 |a 3966 
246 3 0 |a Zone 5 Col. XXIV 
255 |a Měřítko 1:75 000  |c (E 20°50'00"--E 21°20'00"/N 50°15'00"--N 50°00'00") 
264 1 |a [Wien] :  |b [K.u.k. Militärgeographisches Institut],  |c 1909 
300 |a 1 mapa :  |b černobílý tisk ; ručně kolorovaná ;  |c 37 x 48 cm, na listu 45 x 51 cm 
336 |a kartografický obraz  |b cri  |2 rdacontent 
337 |a bez média  |b n  |2 rdamedia 
338 |a list  |b nb  |2 rdacarrier 
490 1 |a [Die Franzisco-Josephinische Landesaufnahme 1:75 000] ;  |v 3966, 1909 
490 1 |a [Spezialkarte der österreich-ungarischen Monarchie im Maße 1:75 000] ;  |v 3966, 1909 
490 1 |a [Spezialkarte von Galizien im Maße 1:75 000] ;  |v 50, 1909 
500 |a Jednobarevný otisk 
500 |a Další údaje o vydání: 1902 ; Nachtr. 16. IV. 1909 
562 |a Razítko: Důvěrné  |5 CZ-BrMZK 
562 |a Razítko: Jng. Nedvédicky  |5 CZ-BrMZK 
562 |a Původně přeloženo na 1/8  |5 CZ-BrMZK 
562 |a Některé silnice vyznačeny barevně  |5 CZ-BrMZK 
650 7 |a vojenská topografie  |7 ph316247  |2 czenas 
651 7 |a Dąbrowa Tarnowska (Polsko : oblast)  |7 ge643759  |2 czenas 
651 7 |a Tarnów (Polsko : oblast)  |7 ge214600  |2 czenas 
655 7 |a topografické mapy  |7 fd809173  |2 czenas 
655 7 |a vojenské mapy  |7 fd133817  |2 czenas 
700 1 |a Heller  |7 mub20201068199  |4 ctg 
700 1 |a Spitzer, M.  |4 ctg 
700 1 |a Ansion  |7 mub20201078865  |4 ctg 
700 1 |a Terlikowski, A.  |7 mub20201077286  |4 ctg 
787 0 8 |t Přehled kladu listů speciální mapy Haliče v měřítku 1:75 000  |w 1492744 
830 0 |a Třetí vojenské mapování 1:75 000 ;  |v 3966, 1909 
830 0 |a Spezialkarte der österreich-ungarischen Monarchie 1:75 000 ;  |v 3966, 1909 
830 0 |a Spezialkarte von Galizien 1:75 000 ;  |v 50, 1909 
856 4 1 |u http://www.digitalniknihovna.cz/mzk/uuid/uuid:aaa1f209-c256-4007-bd73-23eea5dd5002  |y Digitalizovaný dokument 
910 |a BOA001  |b Mpa-0081.473,3966-09 
990 |a MP 
991 |b 201601 
994 |a PAR  |l MZK01  |b 001492744  |m 3966 Tarnów und Dąmbrowa. 1909  |n Přehled kladu listů speciální mapy Haliče v měřítku 1:75 000